Statistics for Most Populous African Countries A-Z

Click here to take the quiz!

General Stats

  • This quiz has been taken 72 times
  • The average score is 14 of 15

Answer Stats

PopulationCountry% Correct
A39,670,000Algeria
100%
E103,764,000Ethiopia
100%
N181,563,000Nigeria
100%
R11,324,000Rwanda
100%
Z15,474,000Zambia
100%
K45,533,000Kenya
97%
U37,102,000Uganda
97%
G27,414,000Ghana
94%
M34,380,000Morocco
92%
S54,957,000South Africa
92%
T51,046,000Tanzania
91%
D77,267,000D.R. Congo
88%
L6,278,000Libya
83%
B18,450,000Burkina Faso
72%
C23,126,000Côte d'Ivoire
66%

Score Distribution

Percentile by Number Answered

Percent of People with Each Score

Your Score History

You have not taken this quiz